000
00229 a2200097 4500
001
41410
100
_a
Shakespear, J
245
_a
Dictionary urdu-english-english urdu
260
_a
Landon
_b
Sang-e-Mell
_c
090
_c
25586
_d
25586
942
_a
NUST-CAE
_c
M
_c
17320
999
_c
276483
_d
276483